LIBRARY & INFORMATION CENTRE, KCAET, TAVANUR

ONLINE PUBLIC ACCESS CATALOGUE (OPAC)

Irrigation water management : principles and practices / (Record no. 559)

MARC details
000 -LEADER
fixed length control field 00436cam a2200157ua 4500
003 - CONTROL NUMBER IDENTIFIER
control field OSt
008 - FIXED-LENGTH DATA ELEMENTS--GENERAL INFORMATION
fixed length control field 220924b |||||||| |||| 00| 0 eng d
020 ## - INTERNATIONAL STANDARD BOOK NUMBER
ISBN 81-203-1729-7
041 ## - LANGUAGE CODE
Language code of text/sound track or separate title eng
082 ## - DEWEY DECIMAL CLASSIFICATION NUMBER
Classification number 631.587
Item number DIL/IR
100 ## - MAIN ENTRY--AUTHOR NAME
Personal name Majumdar, Dilip Kumar.
245 ## - TITLE STATEMENT
Title Irrigation water management : principles and practices /
260 ## - PUBLICATION, DISTRIBUTION, ETC. (IMPRINT)
Place of publication New Delhi :
Name of publisher Prentice Hall of India Pvt Ltd. ,
Year of publication 2002.
300 ## - PHYSICAL DESCRIPTION
Number of Pages 487 ; .
942 ## - ADDED ENTRY ELEMENTS (KOHA)
Koha item type Books
Holdings
Withdrawn status Lost status Damaged status Home library Current library Shelving location Date acquired Full call number Accession Number Koha item type
      KAUAET KAUAET Shelf- 13A 07/04/2012 631.587 DIL/IR 20554 Books
      KAUAET KAUAET   07/04/2012 631.587 DIL/IR 20553 Books
      KAUAET KAUAET Shelf- 13A 07/04/2012 631.587 DIL/IR 20963 Books
      KAUAET KAUAET   07/04/2012 631.587 DIL/IR 21788 Books
      KAUAET KAUAET Shelf- 13A 07/04/2012 631.587 DIL/IR 22059 Books
free website counter